000 00949cam a2200325 a 4500
001 6019
003 FISKH
005 20250221101738.0
008 110624s2012 nyua b 000 1 eng
010 _a 2011018401
020 _a9781596436695
020 _a9780545464673
040 _aDLC
_cDLC
_dDLC
_beng
050 _aPZ7.B82832 B
082 _a813.6
100 1 _aBruel, Nick
_d(1978-)
245 1 0 _aBad Kitty for president /
_cNick Bruel
250 _aThis edition first published in 2012
260 _aNew York :
_bScholastic,
_c2012.
300 _a142 pages :
_billustrations ;
_c20 cm.
505 _aR
520 _aKitty decides to run for President of the Neighborhood Cat Association.
521 8 _a690
_bLexile
521 8 _aR
_bRaz-Plus
650 1 _aPolitics, Practical
_vFiction.
650 1 _aElections
_vFiction.
906 _a7
_bcbc
_corignew
_d1
_eecip
_f20
_gy-gencatlg
942 _2ddc
_cBK
_n0
999 _c6019
_d6019